| 000 | 02703cam a2200373 i 4500 | ||
|---|---|---|---|
| 001 | 768714001 | ||
| 003 | CO-MdFUSB | ||
| 005 | 20230331082848.0 | ||
| 007 | ta | ||
| 008 | 970318t19971997-us b 001 0 eng | ||
| 020 | _a0664219411 | ||
| 040 |
_aDLC _beng _cCO-MdFUSB _dOrLoB-B _erda |
||
| 041 | _aeng | ||
| 082 |
_223 _a222.207 _bN429 |
||
| 100 | 1 |
_aNelson, Richard D. _d1945- _eautor |
|
| 245 | 1 | 0 |
_aJoshua : _ba commentary _c/ Richard D. Nelson. |
| 250 | _aprimera edición | ||
| 264 | 1 |
_aLouisville, Ky. : _bWestminster John Knox Press, _c[1997] |
|
| 264 | 4 | _c© 1997 | |
| 300 |
_a310 páginas ; _c23 cm |
||
| 336 |
_atexto _btxt _2rdacontent. |
||
| 337 |
_asin mediación _bn _2rdamedia. |
||
| 338 |
_avolumen _bnc _2rdacarrier. |
||
| 490 | 1 | _aThe Old Testament library. | |
| 504 | _aIncluye referencias bibliográficas e índices. | ||
| 505 | _aIntroducción. El carácter y la relevancia de Josué. -- Josué y la historia. -- Formación del libro. -- Crítica de formularios. -- Análisis literario. - -Temas teológicos. -- La figura de Josué. -- Texto. -- Josué. Preparativos. -- Rahab burla a los exploradores. -- Cruzando el Jordán. -- Completando la travesía. -- Comenzando en la nueva tierra. -- Capturando Jericó. -- El pecado de Acán y sus consecuencias. -- Leyendo la ley. -- El truco de los gabaonitas. -- Campaña triunfal en el Sur. -- Campaña triunfal en el norte. --. -- Lista de reyes derrotados. -- La orden de dividir la tierra. -- Las tribus al este del Jordán -- Preludio a la distribución. -- Judá. -- Efraín. -- Manasés. -- División en Shiloh. -- Benjamín. -- Las seis tribus restantes. -- Ciudades de refugio. -- ciudades levitas. -- Un testimonio de solidaridad. - - Despedida de josué. -- Asamblea en Siquem. -- Tres tradiciones graves. | ||
| 520 | 1 | _a"El libro de Josué detalla las conquistas de la tierra en Palestina por parte del antiguo Israel. Para los lectores modernos, la historia puede tocar un nervio; su crónica de brutalidad y genocidio puede verse como paralela a la historia más reciente". "El libro de Josué tiene muchos problemas textuales, principalmente diferencias entre los textos hebreo y griego. Gran parte de la inconsistencia proviene de las variadas formas de narración en el libro, que incluyen narraciones de guerra, cuentos populares, sermones y listas de ciudades". "En este comentario, Richard D. Nelson aborda los temas textuales y ofrece perspectivas históricas, literarias y teológicas sobre Josué". | |
| 563 | _aPasta dura | ||
| 630 | 0 | 7 |
_aBiblia. _pJosué _xCrítica, interpretación, etc. |
| 830 | 0 | _aOld Testament library. | |
| 942 | _cBK | ||
| 945 | _aJTF-925 | ||
| 999 |
_c68679 _d68679 |
||